000 00319nas a2200145 a 4500
001 68964
003 142781
005 20201118110604.0
008 ||||||n9999 ||| || ||
245 0 _aCiencias Humanas - No.15,16
260 _c1991.
562 _e0
773 _078046
_aCiencias Humanas
942 _cSISS
999 _c68964
_d68964